000 00316nam a22001337a 4500
008 170616b xxu||||| |||| 00| 0 eng d
020 _a9780872894662
041 _aeng
080 _a327
100 _a20
101 _aSHP
245 _aU.S FOREIGN POLICY THE PARADOX WORLD POWER
_cHOOK.S.W
942 _2udc
_cBK
999 _c17709
_d17709